Game Shows by Other Terms Quiz Stats

 Plays Quiz not verified by Sporcle

Challenge
Share
Tweet
Embed
Score 0/17 Timer 06:00
0 Plays Today
Fake Show Real Show % Correct
Correct CostThe Price is Right
78.3%
Grocery Store BrushSupermarket Sweep
71.7%
Relative RumbleFamily Feud
71.7%
Just MarriedThe Newlywed Game
63.3%
Wimpy ChainWeakest Link
61.7%
Squeeze Your Leprechaun Press Your Luck
60%
Pasadena CirclesHollywood Squares
50%
Pinnacle Food PrepperTop Chef
46.7%
Canadian HeroAmerican Idol
45%
Fake Show Real Show % Correct
The Wealth DiscWheel of Fortune
45%
Celestial Strutting (Sternly Grooving in uk)Dancing with the Stars/Strictly Come Dancing
43.3%
Fall off the SurfboardWipeout
43.3%
The Cymbal ProgramThe Gong Show
38.3%
Non-fiction and PenaltiesTruth or Consequences
35%
Secret PhrasePassword
31.7%
The Deep Cover SpyThe Mole
23.3%
The Je Ne Sais Quoi The X Factor
8.3%

You're not logged in!

Compare scores with friends on all Sporcle quizzes.
Join for Free
OR
Log In

You Might Also Like...

Show Comments

Extras

Top Quizzes Today


Score Distribution

Your Account Isn't Verified!

In order to create a playlist on Sporcle, you need to verify the email address you used during registration. Go to your Sporcle Settings to finish the process.

Report this User

Report this user for behavior that violates our Community Guidelines.

Details: